[Event "Belgrade-chT Quality"]
[Site "Belgrade"]
[Date "2019.10.30"]
[Round "10.3"]
[White "Popadic, Dragan B"]
[Black "Brkic, Zoran"]
[Result "1/2-1/2"]
[WhiteElo "2113"]
[BlackElo "2111"]
[PlyCount "53"]
[EventDate "2019.10.05"]
[EventType "team-tourn"]
[EventRounds "11"]
[EventCountry "SRB"]
[SourceTitle "EXT 2022"]
[Source "ChessBase"]
[SourceDate "2021.10.06"]
[SourceVersion "1"]
[SourceVersionDate "2021.10.06"]
[SourceQuality "1"]
[WhiteTeam "NBSK"]
[BlackTeam "Bogoslov"]
[WhiteTeamCountry "SRB"]
[BlackTeamCountry "SRB"]

1. e4 b6 2. d3 Bb7 3. Nf3 e6 4. g3 d6 5. Bg2 Nf6 6. 0-0 Be7 7. Re1 Nbd7 8. e5 dxe5 9. Nxe5 Bxg2 10. Kxg2 Nxe5 11. Rxe5 c5 12. Nc3 h6 13. Qf3 0-0 14. Re1 Qd7 15. a4 Rac8 16. Bf4 Rfd8 17. b3 a6 18. Red1 Nd5 19. Nxd5 Qxd5 20. Qxd5 Rxd5 21. Re1 Bf6 22. Ra2 Bc3 23. Re2 e5 24. Bc1 f6 25. Bb2 Bxb2 26. Rxb2 Rd4 27. f3 1/2-1/2

[Event "Belgrade-chTB Quality"]
[Site "Belgrade"]
[Date "2018.09.30"]
[Round "2.4"]
[White "Popovic, Andrija"]
[Black "Popadic, Dragan B"]
[Result "0-1"]
[WhiteElo "2165"]
[BlackElo "2077"]
[PlyCount "96"]
[EventDate "2018.09.29"]
[EventType "team-tourn"]
[EventRounds "11"]
[EventCountry "SRB"]
[SourceTitle "CBM 187 Extra"]
[Source "ChessBase"]
[SourceDate "2018.11.04"]
[SourceVersion "1"]
[SourceVersionDate "2018.11.04"]
[SourceQuality "1"]
[WhiteTeam "Belgrade Polet"]
[BlackTeam "Belgrade NB"]
[WhiteTeamCountry "SRB"]
[BlackTeamCountry "SRB"]

1. e4 e5 2. Nf3 Nc6 3. d4 exd4 4. Nxd4 Bb4+ 5. c3 Bc5 6. Bc4 d6 7. Be3 Bb6 8. h3 Nf6 9. Nd2 0-0 10. Qc2 d5 11. Bb3 Nxd4 12. cxd4 dxe4 13. Rd1 Bf5 14. Nc4 Nd5 15. 0-0 c6 16. Qd2 Bc7 17. Bg5 f6 18. Bh4 Qd7 19. Bg3 Bxg3 20. fxg3 Be6 21. Qe2 b5 22. Nd2 f5 23. g4 Rae8 24. gxf5 Bxf5 25. Rf4 g5 26. Rxe4 Bxe4 27. Nxe4 Kg7 28. Qd3 Nf4 29. Nc5 Qf5 30. Qxf5 Rxf5 31. Bc2 Rd5 32. Bb3 Rxd4 33. Rxd4 Ne2+ 34. Kf2 Nxd4 35. Bd1 Kf6 36. Bh5 Re7 37. Nd3 Ne6 38. Bf3 c5 39. g3 a5 40. b3 c4 41. bxc4 bxc4 42. Nc1 Ke5 43. Ke3 Kd6 44. Kd2 Kc5 45. a3 Nd4 46. Bd1 Nb5 47. a4 Rd7+ 48. Ke1 Nc3 0-1